000 00629nam a2200229Ia 4500
003 OSt
005 20221007064230.0
006 a|||||r|||| 00| 0
007 ta
008 221006b |||||||| |||| 00| 0 eng d
024 _a30,047
037 _cTextual
040 _aFLL
_cFLL
_beng
041 _2eng
_aeng
082 _aY:45:6.73.N6, K2
100 _aMcClellan John L.
_9685517
245 0 _aCrime without punishment
260 _aConnecticut
_bGreenwood Press Connecticut
_c1962
300 _axv,300p
_ccm.
942 _hY:45:6.73.N6, K2
_cTEXL
_2CC
999 _c1133337
_d1133337